[Event "Warsaw YMCA Spring-B 214th"]
[Site "Warsaw"]
[Date "2019.06.19"]
[Round "11"]
[White "Jarmolowski, Tadeusz"]
[Black "Mazurek, Jerzy"]
[Result "1/2-1/2"]
[WhiteElo "1593"]
[BlackElo "1673"]
[PlyCount "51"]
[EventDate "2019.04.11"]
[EventType "tourn"]
[EventRounds "11"]
[EventCountry "POL"]
[SourceTitle "EXT 2020"]
[Source "ChessBase"]
[SourceDate "2019.10.17"]
[SourceVersion "1"]
[SourceVersionDate "2019.10.17"]
[SourceQuality "1"]

1. e4 e5 2. f4 d5 3. exd5 exf4 4. Nf3 Nf6 5. Bb5+ c6 6. dxc6 Nxc6 7. d4 Bd6 8. Qe2+ Be6 9. Nc3 0-0 10. 0-0 Rc8 11. Bxc6 Rxc6 12. Qf2 Ng4 13. Qh4 Be7 14. Qh5 Rc5 15. Qxc5 Bxc5 16. dxc5 Qa5 17. Ne4 f5 18. Bd2 Qc7 19. Nd4 Bc4 20. Rxf4 fxe4 21. Rxg4 Qf7 22. Rf4 Qd5 23. c3 Rxf4 24. Bxf4 Qxc5 25. Be3 Qe7 26. Rd1 1/2-1/2

[Event "Warsaw YMCA Spring-B 214th"]
[Site "Warsaw"]
[Date "2019.06.06"]
[Round "9"]
[White "Sieczkowski, Adam"]
[Black "Jarmolowski, Tadeusz"]
[Result "0-1"]
[WhiteElo "1647"]
[BlackElo "1593"]
[PlyCount "68"]
[EventDate "2019.04.11"]
[EventType "tourn"]
[EventRounds "11"]
[EventCountry "POL"]
[SourceTitle "EXT 2020"]
[Source "ChessBase"]
[SourceDate "2019.10.17"]
[SourceVersion "1"]
[SourceVersionDate "2019.10.17"]
[SourceQuality "1"]

1. Nf3 d5 2. c4 d4 3. e3 c5 4. exd4 cxd4 5. d3 Nf6 6. g3 Nc6 7. Bg2 Bg4 8. 0-0 e6 9. Bg5 Be7 10. Nbd2 0-0 11. a3 h6 12. Bxf6 Bxf6 13. b4 Rc8 14. Qa4 Qc7 15. Nb3 Rfd8 16. Rfe1 b6 17. b5 Ne5 18. Nxe5 Bxe5 19. Qb4 h5 20. a4 h4 21. a5 hxg3 22. hxg3 Bxg3 23. fxg3 Qxg3 24. axb6 axb6 25. Qd2 Bf5 26. Nc1 f6 27. Qf2 Qg6 28. Qf3 e5 29. Ra7 e4 30. dxe4 Bg4 31. Qg3 Rxc4 32. Nd3 Rc3 33. e5 Rxd3 34. Qf4 Bf3 0-1

[Event "Warsaw YMCA Spring-B 214th"]
[Site "Warsaw"]
[Date "2019.05.30"]
[Round "8"]
[White "Jarmolowski, Tadeusz"]
[Black "Kalejta, Arkadiusz"]
[Result "0-1"]
[WhiteElo "1593"]
[BlackElo "1707"]
[PlyCount "42"]
[EventDate "2019.04.11"]
[EventType "tourn"]
[EventRounds "11"]
[EventCountry "POL"]
[SourceTitle "EXT 2020"]
[Source "ChessBase"]
[SourceDate "2019.10.17"]
[SourceVersion "1"]
[SourceVersionDate "2019.10.17"]
[SourceQuality "1"]

1. e4 c5 2. d4 cxd4 3. c3 dxc3 4. Nxc3 Nc6 5. Nf3 d6 6. Bc4 a6 7. 0-0 Nf6 8. Qe2 Bg4 9. Rd1 e6 10. Bf4 Nh5 11. Be3 Ne5 12. Bb3 Be7 13. Rac1 0-0 14. h3 Bxf3 15. gxf3 Bg5 16. Kh2 Bf4+ 17. Bxf4 Nxf4 18. Qe3 Qh4 19. Kg1 Qg5+ 20. Kf1 Qg2+ 21. Ke1 Nxf3+ 0-1

[Event "Warsaw YMCA Spring-B 214th"]
[Site "Warsaw"]
[Date "2019.05.07"]
[Round "6"]
[White "Jarmolowski, Tadeusz"]
[Black "Mlynarski, Zbigniew"]
[Result "1-0"]
[WhiteElo "1593"]
[BlackElo "1625"]
[PlyCount "59"]
[EventDate "2019.04.11"]
[EventType "tourn"]
[EventRounds "11"]
[EventCountry "POL"]
[SourceTitle "EXT 2020"]
[Source "ChessBase"]
[SourceDate "2019.10.17"]
[SourceVersion "1"]
[SourceVersionDate "2019.10.17"]
[SourceQuality "1"]

1. e4 c5 2. d4 cxd4 3. c3 dxc3 4. Nxc3 Nc6 5. Nf3 d6 6. Bc4 e6 7. Qe2 Be7 8. 0-0 Nf6 9. Rd1 Bd7 10. Bf4 e5 11. Be3 a6 12. Rac1 0-0 13. Bb3 Na5 14. Bc2 Rc8 15. h3 Nc4 16. Bb3 b5 17. g4 Be6 18. Ng5 Bd7 19. f4 h6 20. Nf3 Nxe3 21. Qxe3 exf4 22. Qxf4 Qb6+ 23. Kg2 g5 24. Qd2 Qb7 25. Nd5 Rfe8 26. Nxe7+ Rxe7 27. Qxd6 Rxc1 28. Qxe7 Rc6 29. Qxf7+ Kh8 30. Ne5 1-0

[Event "Warsaw YMCA Winter-B 210th"]
[Site "Warsaw"]
[Date "2019.03.28"]
[Round "13"]
[White "Jarmolowski, Tadeusz"]
[Black "Kwiecinski, Rafal"]
[Result "0-1"]
[WhiteElo "1680"]
[BlackElo "1565"]
[PlyCount "158"]
[EventDate "2019.01.09"]
[EventType "swiss"]
[EventRounds "13"]
[EventCountry "POL"]
[SourceTitle "CBM 189 Extra"]
[Source "ChessBase"]
[SourceDate "2019.06.03"]
[SourceVersion "1"]
[SourceVersionDate "2019.06.03"]
[SourceQuality "1"]

1. e4 c5 2. c3 e5 3. d4 cxd4 4. cxd4 exd4 5. Nf3 Nc6 6. Nxd4 Nf6 7. Nc3 Bb4 8. f3 Qa5 9. Nxc6 dxc6 10. Bd2 0-0 11. a3 Bxc3 12. Bxc3 Qg5 13. Kf2 Qf4 14. h3 Nxe4+ 15. Kg1 Ng3 16. Qd4 Qxd4+ 17. Bxd4 Nxh1 18. Kxh1 Be6 19. Re1 Rfd8 20. Bc3 Rd7 21. Kg1 Rad8 22. Be2 h6 23. Kf2 Bb3 24. f4 Re8 25. g4 Red8 26. g5 hxg5 27. fxg5 Bd1 28. Bc4 b5 29. Ba2 Bh5 30. h4 Rd1 31. Re7 R8d7 32. Re8+ Kh7 33. Rc8 Rh1 34. Kg3 Rd3+ 35. Kg2 Rxh4 36. Bb1 Rg4+ 37. Kf2 Rf4+ 38. Kg2 Bg6 39. Bxd3 Bxd3 40. Kg3 Rf5 41. Kg4 Rc5 42. Rc7 Kg6 43. Rxa7 Rxg5+ 44. Kf4 Rf5+ 45. Kg3 Be4 46. a4 Rf3+ 47. Kg4 bxa4 48. Rxa4 f5+ 49. Kh4 Rf4+ 50. Kg3 Rg4+ 51. Kf2 Kh6 52. Ra8 g5 53. Rh8+ Kg6 54. Rg8+ Kf7 55. Rg7+ Ke6 56. Ke3 Kd5 57. Rd7+ Kc4 58. Rg7 Rg3+ 59. Kf2 Rf3+ 60. Ke2 g4 61. Be5 Kd5 62. Bc3 c5 63. Rg5 Kc4 64. Be5 Kd5 65. Bc3 c4 66. Rg8 Bd3+ 67. Kd2 Rf2+ 68. Ke3 Re2+ 69. Kf4 Re4+ 70. Kg3 Re3+ 71. Kf2 Rf3+ 72. Kg1 Rf1+ 73. Kg2 Rf3 74. Rg7 Rh3 75. Be1 Be4+ 76. Kg1 Rh1+ 77. Kf2 Rh2+ 78. Ke3 Rxb2 79. Rg8 Rb3+ 0-1

[Event "Warsaw YMCA Autumn-B 191st"]
[Site "Warsaw"]
[Date "2017.12.13"]
[Round "13"]
[White "Jarmolowski, Tadeusz"]
[Black "Kalejta, Arkadiusz"]
[Result "1-0"]
[WhiteElo "1699"]
[BlackElo "1634"]
[PlyCount "115"]
[EventDate "2017.09.19"]
[EventType "tourn"]
[EventRounds "13"]
[EventCountry "POL"]
[SourceTitle "EXT 2019"]
[Source "ChessBase"]
[SourceDate "2018.10.10"]
[SourceVersion "1"]
[SourceVersionDate "2018.10.10"]
[SourceQuality "1"]

1. e4 e6 2. d4 d5 3. e5 c5 4. c3 Nc6 5. Nf3 Qb6 6. a3 c4 7. Nbd2 Na5 8. Be2 Bd7 9. 0-0 Ne7 10. Rb1 Qc7 11. b4 cxb3 12. Nxb3 Ba4 13. Nfd2 Qxc3 14. Bb2 Qc7 15. Qc1 Qxc1 16. Nxc1 Bc2 17. Ra1 Rc8 18. Nd3 Nc4 19. Nxc4 dxc4 20. Nc5 b6 21. Rac1 Bg6 22. Nb7 Rc7 23. Nd6+ Kd7 24. Bxc4 Nc6 25. d5 Nxe5 26. Bb5+ Kxd6 27. Bxe5+ Kxe5 28. Rxc7 Bxa3 29. dxe6 fxe6 30. Rxa7 Bc5 31. Re1+ Kf6 32. Rd1 Rf8 33. Kf1 Kg5 34. f3 e5 35. Rxg7 e4 36. Bc6 exf3 37. Bxf3 Kf4 38. Ra7 Bc2 39. Rd2 Bg6 40. Ra4+ Ke3 41. Rd5 Bd3+ 42. Ke1 Re8 43. Rh5 Bc2 44. Ra2 Kd3+ 45. Kf1 Kc3 46. Rxc2+ Kxc2 47. Rxh7 Rb8 48. h4 Kd3 49. g4 Ke3 50. Kg2 b5 51. Bd1 Kf4 52. Rf7+ Ke4 53. g5 Rd8 54. Bb3 Be3 55. Kg3 Ke5 56. Re7+ Kd4 57. Kg4 Kc3 58. Rxe3+ 1-0

[Event "Warsaw YMCA Autumn-B 191st"]
[Site "Warsaw"]
[Date "2017.10.12"]
[Round "4"]
[White "Jarmolowski, Tadeusz"]
[Black "Szukalski, Antoni"]
[Result "1/2-1/2"]
[WhiteElo "1699"]
[BlackElo "1769"]
[PlyCount "60"]
[EventDate "2017.09.19"]
[EventType "tourn"]
[EventRounds "13"]
[EventCountry "POL"]
[SourceTitle "EXT 2019"]
[Source "ChessBase"]
[SourceDate "2018.10.10"]
[SourceVersion "1"]
[SourceVersionDate "2018.10.10"]
[SourceQuality "1"]

1. e4 e5 2. Nc3 Nf6 3. Bc4 Bc5 4. d3 d6 5. Nf3 0-0 6. 0-0 c6 7. Bg5 b5 8. Bb3 Bg4 9. h3 Bh5 10. g4 Bg6 11. Nh4 Nbd7 12. Nxg6 hxg6 13. Kg2 Qc7 14. f4 Nh7 15. Bh4 exf4 16. g5 Be3 17. d4 Rae8 18. Qd3 Nxg5 19. Bxg5 f3+ 20. Rxf3 Bxg5 21. Raf1 Nf6 22. e5 dxe5 23. Qxg6 Bf4 24. dxe5 Kh8 25. Bxf7 Qxf7 26. Qxf7 Rxf7 27. exf6 Be5 28. fxg7+ Rxg7+ 29. Kh1 Bd4 30. Rf8+ Rxf8 1/2-1/2

[Event "Warsaw YMCA Summer-A 172nd"]
[Site "Warsaw"]
[Date "2016.08.09"]
[Round "10"]
[White "Jarmolowski, Tadeusz"]
[Black "Szukalski, Antoni"]
[Result "1/2-1/2"]
[WhiteElo "1645"]
[BlackElo "1721"]
[PlyCount "133"]
[EventDate "2016.07.01"]
[EventType "tourn"]
[EventRounds "11"]
[EventCountry "POL"]
[SourceTitle "EXT 2019"]
[Source "ChessBase"]
[SourceDate "2018.10.10"]
[SourceVersion "1"]
[SourceVersionDate "2018.10.10"]
[SourceQuality "1"]

1. e4 e5 2. f4 exf4 3. Nf3 g5 4. h4 g4 5. Ne5 Qe7 6. d4 d6 7. Nxg4 Qxe4+ 8. Qe2 Qe7 9. Qxe7+ Bxe7 10. Nf2 Nc6 11. c3 Nf6 12. Bxf4 a6 13. Be2 Nd5 14. Bd2 h5 15. Na3 f5 16. Nc2 Bd7 17. c4 Nf6 18. 0-0-0 0-0-0 19. Bf3 Ng4 20. Nd3 Bf6 21. Bc3 Rde8 22. Kd2 Bg7 23. Rde1 Bh6+ 24. Kd1 Rxe1+ 25. Rxe1 Re8 26. Rxe8+ Bxe8 27. Ke2 Kd7 28. Bxc6+ Kxc6 29. d5+ Kd7 30. b3 Bf7 31. g3 Bg6 32. Nf4 Bxf4 33. gxf4 Ke7 34. Nd4 Nf6 35. Ne6 c6 36. Bxf6+ Kxf6 37. dxc6 bxc6 38. Nc7 a5 39. Kd3 Ke7 40. Kd4 Kd7 41. Na6 c5+ 42. Nxc5+ dxc5+ 43. Kxc5 a4 44. Kd5 a3 45. Ke5 Ke7 46. Kd4 Kd6 47. Kc3 Kc5 48. b4+ Kc6 49. Kb3 Bf7 50. Kxa3 Bxc4 51. Kb2 Kb5 52. a3 Be2 53. Kc3 Ka4 54. Kd4 Kxa3 55. Ke5 Kxb4 56. Kxf5 Kc5 57. Ke5 Kc6 58. Ke6 Bc4+ 59. Kf6 Kd6 60. Kg6 Be2 61. f5 Ke7 62. Kg7 Bc4 63. f6+ Ke8 64. Kg6 Bf7+ 65. Kg7 Bd5 66. Kg6 Bf3 67. Kg7 1/2-1/2

[Event "Warsaw YMCA Summer-A 172nd"]
[Site "Warsaw"]
[Date "2016.08.04"]
[Round "9"]
[White "Kasperkiewicz, Pawel"]
[Black "Jarmolowski, Tadeusz"]
[Result "1-0"]
[WhiteElo "1952"]
[BlackElo "1645"]
[PlyCount "93"]
[EventDate "2016.07.01"]
[EventType "tourn"]
[EventRounds "11"]
[EventCountry "POL"]
[SourceTitle "EXT 2019"]
[Source "ChessBase"]
[SourceDate "2018.10.10"]
[SourceVersion "1"]
[SourceVersionDate "2018.10.10"]
[SourceQuality "1"]

1. c4 e5 2. Nc3 Nf6 3. Nf3 Nc6 4. d4 exd4 5. Nxd4 d5 6. cxd5 Nxd5 7. Nxc6 bxc6 8. e4 Nxc3 9. Qxd8+ Kxd8 10. bxc3 Bc5 11. Bc4 f6 12. 0-0 Rb8 13. Bf4 Bd6 14. Be3 a5 15. Rad1 Ke7 16. Rfe1 Be6 17. Bxe6 Kxe6 18. Rb1 Rhe8 19. f3 Kf7 20. Ba7 Ra8 21. Bd4 Rab8 22. Kf2 c5 23. Be3 Rb6 24. Rxb6 cxb6 25. a4 Rd8 26. f4 Bc7 27. Ke2 Ke6 28. c4 f5 29. Kf3 h5 30. Re2 Rd3 31. Rd2 fxe4+ 32. Kxe4 Ra3 33. f5+ Ke7 34. Bg5+ Ke8 35. Kd5 Rxa4 36. h3 Rb4 37. Kc6 Bg3 38. Rd7 Kf8 39. Kd5 Rb1 40. Bd2 Be1 41. Ke6 Kg8 42. f6 gxf6 43. Bh6 Bc3 44. Rg7+ Kh8 45. Kf7 f5 46. Rg3 Bd4 47. Rg5 1-0

[Event "Warsaw YMCA Spring-C 169th"]
[Site "Warsaw"]
[Date "2016.06.22"]
[Round "13"]
[White "Sentowski, Sebastian"]
[Black "Jarmolowski, Tadeusz"]
[Result "1-0"]
[WhiteElo "1698"]
[BlackElo "1620"]
[PlyCount "25"]
[EventDate "2016.04.06"]
[EventType "tourn"]
[EventRounds "13"]
[EventCountry "POL"]
[SourceTitle "EXT 2019"]
[Source "ChessBase"]
[SourceDate "2018.10.10"]
[SourceVersion "1"]
[SourceVersionDate "2018.10.10"]
[SourceQuality "1"]

1. d4 Nf6 2. Nf3 d5 3. Bf4 c5 4. e3 Bf5 5. Bb5+ Nc6 6. dxc5 Qa5+ 7. Nc3 e6 8. Nd4 Rc8 9. a3 Ne4 10. b4 Nxc3 11. bxa5 Nxd1 12. a6 Nc3 13. axb7 1-0

[Event "Warsaw YMCA Spring-C 169th"]
[Site "Warsaw"]
[Date "2016.06.01"]
[Round "9"]
[White "Jarmolowski, Tadeusz"]
[Black "Krzyzanowski, Antoni"]
[Result "0-1"]
[WhiteElo "1620"]
[BlackElo "1573"]
[PlyCount "56"]
[EventDate "2016.04.06"]
[EventType "tourn"]
[EventRounds "13"]
[EventCountry "POL"]
[SourceTitle "EXT 2019"]
[Source "ChessBase"]
[SourceDate "2018.10.10"]
[SourceVersion "1"]
[SourceVersionDate "2018.10.10"]
[SourceQuality "1"]

1. e4 c5 2. d4 cxd4 3. c3 dxc3 4. Nxc3 Nc6 5. Nf3 d6 6. Bc4 e6 7. 0-0 Nf6 8. Qe2 Be7 9. Rd1 e5 10. h3 0-0 11. Be3 Be6 12. Bxe6 fxe6 13. Ng5 Qd7 14. Qc4 Nd8 15. Rac1 Rc8 16. Qb3 b6 17. f4 exf4 18. Bxf4 h6 19. e5 hxg5 20. exf6 gxf6 21. Bg3 d5 22. Rc2 Bc5+ 23. Kh2 Nc6 24. Re2 Nd4 25. Rxd4 Bxd4 26. Nb5 Bc5 27. Qd3 Kg7 28. Nc3 Bd6 0-1

[Event "Warsaw YMCA Spring-C 169th"]
[Site "Warsaw"]
[Date "2016.04.22"]
[Round "1"]
[White "Jarmolowski, Tadeusz"]
[Black "Polgrabia, Miroslaw"]
[Result "1-0"]
[WhiteElo "1620"]
[BlackElo "1603"]
[PlyCount "97"]
[EventDate "2016.04.06"]
[EventType "tourn"]
[EventRounds "13"]
[EventCountry "POL"]
[SourceTitle "EXT 2019"]
[Source "ChessBase"]
[SourceDate "2018.10.10"]
[SourceVersion "1"]
[SourceVersionDate "2018.10.10"]
[SourceQuality "1"]

1. e4 c6 2. Nc3 d5 3. Nf3 Bg4 4. h3 Bxf3 5. Qxf3 e6 6. d4 Qb6 7. exd5 cxd5 8. Qe3 Nf6 9. Bb5+ Nc6 10. 0-0 Bd6 11. Re1 0-0 12. Bxc6 Qxc6 13. Bd2 Rac8 14. Rac1 Bb8 15. Qf3 Qd6 16. g3 a6 17. a3 Qb6 18. Qd3 Rc4 19. b3 Rc6 20. Na4 Qc7 21. Nc5 Ba7 22. b4 b5 23. Bf4 Qc8 24. g4 Bxc5 25. bxc5 Ne4 26. f3 Nf6 27. Bg5 Nd7 28. Be7 Re8 29. Bd6 Qd8 30. Kg2 Qf6 31. Qc3 Qg6 32. Re2 Nb6 33. Bg3 Nc4 34. Qd3 f5 35. Rce1 Rf8 36. Rf2 f4 37. Bh2 Qh6 38. Rfe2 Ne3+ 39. Rxe3 fxe3 40. Rxe3 Qg6 41. Be5 h5 42. f4 hxg4 43. Rg3 Qe4+ 44. Kg1 g6 45. Rxg4 Rf7 46. Qg3 Qxc2 47. Rxg6+ Kf8 48. Rg8+ Ke7 49. Qg5+ 1-0

[Event "Warsaw YMCA Winter-C 165th"]
[Site "Warsaw"]
[Date "2016.02.17"]
[Round "7"]
[White "Jarmolowski, Tadeusz"]
[Black "Krzyzanowski, Antoni"]
[Result "0-1"]
[WhiteElo "1649"]
[BlackElo "1574"]
[PlyCount "100"]
[EventDate "2016.01.06"]
[EventType "tourn"]
[EventRounds "13"]
[EventCountry "POL"]
[SourceTitle "EXT 2019"]
[Source "ChessBase"]
[SourceDate "2018.10.10"]
[SourceVersion "1"]
[SourceVersionDate "2018.10.10"]
[SourceQuality "1"]

1. e4 c5 2. c3 e6 3. d4 Nf6 4. e5 Nd5 5. Nf3 d6 6. c4 Nb6 7. dxc5 dxc5 8. Qxd8+ Kxd8 9. Ng5 Ke8 10. Ne4 Nc6 11. f4 Be7 12. Be3 Nd7 13. Nbc3 a6 14. 0-0-0 f5 15. Nd6+ Bxd6 16. Rxd6 Ke7 17. Na4 g5 18. g3 gxf4 19. gxf4 Rg8 20. Nxc5 Ndxe5 21. fxe5 Nxe5 22. Rd1 Ng4 23. Rg1 Rg6 24. Bf4 e5 25. Bg3 f4 26. Bh4+ Kf7 27. h3 Ne3 28. Rxg6 hxg6 29. Re1 b6 30. Nd3 Ke6 31. Bf2 Nxf1 32. Rxf1 Kf5 33. Bxb6 g5 34. Nf2 Bb7 35. Ng4 Rh8 36. Nxe5 Kxe5 37. Re1+ Kf5 38. Re7 Bg2 39. Bd4 Rxh3 40. b4 Rd3 41. Bc5 g4 42. Kc2 Be4 43. Kb2 g3 44. b5 f3 45. b6 f2 46. b7 Bxb7 47. Rxb7 Rf3 48. Bxf2 gxf2 49. Rf7+ Kg4 50. Rg7+ Kh5 0-1

[Event "Warsaw YMCA Winter-C 165th"]
[Site "Warsaw"]
[Date "2016.01.06"]
[Round "1"]
[White "Jarmolowski, Tadeusz"]
[Black "Jasinowicz, Waclaw"]
[Result "1/2-1/2"]
[WhiteElo "1649"]
[BlackElo "1694"]
[PlyCount "91"]
[EventDate "2016.01.06"]
[EventType "tourn"]
[EventRounds "13"]
[EventCountry "POL"]
[SourceTitle "EXT 2019"]
[Source "ChessBase"]
[SourceDate "2018.10.10"]
[SourceVersion "1"]
[SourceVersionDate "2018.10.10"]
[SourceQuality "1"]

1. e4 e5 2. f4 d6 3. Nf3 Nc6 4. Bb5 Bd7 5. d3 Nf6 6. Nc3 a6 7. Bxc6 Bxc6 8. fxe5 Ng4 9. exd6 Bxd6 10. 0-0 Qf6 11. Bg5 Qg6 12. Qd2 f6 13. Bf4 Bc5+ 14. d4 0-0-0 15. h3 Ne5 16. Nxe5 fxe5 17. Bxe5 Rhe8 18. Qf4 Bxd4+ 19. Bxd4 Rxd4 20. Qf5+ Qxf5 21. exf5 Rd2 22. Rf2 Rxf2 23. Kxf2 Rf8 24. g4 g6 25. Kg3 gxf5 26. Rf1 Bd7 27. Nd5 Kd8 28. Ne3 f4+ 29. Rxf4 Rg8 30. a3 c6 31. Rf7 h5 32. Rh7 hxg4 33. hxg4 b5 34. Kf4 a5 35. b4 a4 36. c4 bxc4 37. g5 c3 38. Rh2 Rf8+ 39. Ke4 Rg8 40. Rc2 Rxg5 41. Rxc3 Kc7 42. Rc5 Rxc5 43. bxc5 Be6 44. Kd4 Kd7 45. Nd1 Bb3 46. Nb2 1/2-1/2

[Event "Warsaw YMCA Summer-B 157th"]
[Site "Warsaw"]
[Date "2015.07.09"]
[Round "2"]
[White "Jarmolowski, Tadeusz"]
[Black "Moskwinski, Marek"]
[Result "1/2-1/2"]
[WhiteElo "1610"]
[BlackElo "1841"]
[PlyCount "79"]
[EventDate "2015.07.02"]
[EventType "tourn"]
[EventRounds "10"]
[EventCountry "POL"]
[SourceTitle "EXT 2019"]
[Source "ChessBase"]
[SourceDate "2018.10.10"]
[SourceVersion "1"]
[SourceVersionDate "2018.10.10"]
[SourceQuality "1"]

1. e4 e5 2. f4 exf4 3. Nf3 d6 4. d4 g5 5. g3 g4 6. Nh4 f3 7. Nc3 Be7 8. Be3 Nc6 9. Qd2 Bxh4 10. gxh4 Qxh4+ 11. Bf2 Qh6 12. Be3 Qh4+ 13. Bf2 Qd8 14. 0-0-0 Bd7 15. h3 h5 16. hxg4 Bxg4 17. Nd5 Qd7 18. Bh4 Nd8 19. Qg5 Ne6 20. Nf6+ Nxf6 21. Qxf6 Rg8 22. d5 a6 23. dxe6 Qxe6 24. Qxe6+ fxe6 25. Rd2 Kd7 26. e5 d5 27. Bd3 c5 28. c4 Kc6 29. Rf2 b5 30. cxd5+ exd5 31. Bc2 Ra7 32. Bd1 d4 33. Bxf3+ Bxf3 34. Rxf3 Kd5 35. Bf6 Rh7 36. Rfh3 Rg4 37. Rxh5 Rxh5 38. Rxh5 Rg1+ 39. Kc2 Rg2+ 40. Kc1 1/2-1/2

[Event "Warsaw YMCA Summer-B 157th"]
[Site "Warsaw"]
[Date "2015.07.02"]
[Round "1"]
[White "Wrabel, Antoni"]
[Black "Jarmolowski, Tadeusz"]
[Result "1-0"]
[WhiteElo "1692"]
[BlackElo "1610"]
[PlyCount "87"]
[EventDate "2015.07.02"]
[EventType "tourn"]
[EventRounds "10"]
[EventCountry "POL"]
[SourceTitle "EXT 2019"]
[Source "ChessBase"]
[SourceDate "2018.10.10"]
[SourceVersion "1"]
[SourceVersionDate "2018.10.10"]
[SourceQuality "1"]

1. e4 c5 2. Nf3 e6 3. d4 cxd4 4. Nxd4 Nf6 5. f3 Nc6 6. c4 Qb6 7. Nc2 Bc5 8. Qe2 d6 9. Nc3 0-0 10. Rb1 Bd7 11. a3 Nd4 12. Nxd4 Bxd4 13. Nd1 Rac8 14. Be3 Ba4 15. Bxd4 Qxd4 16. b3 Bc6 17. Qe3 Qxe3+ 18. Nxe3 b6 19. Rd1 Rfd8 20. Be2 Kf8 21. Kf2 Ke7 22. Rd4 Rc7 23. Rhd1 Rcd7 24. g4 g5 25. Nc2 h5 26. h3 h4 27. Ke3 Nh7 28. R4d2 Nf8 29. Nb4 Bb7 30. Nd3 Ng6 31. f4 gxf4+ 32. Nxf4 Nxf4 33. Kxf4 d5 34. cxd5 exd5 35. Bb5 Rd6 36. e5 Rg6 37. Rc1 Rc8 38. Rxc8 Bxc8 39. Rxd5 Be6 40. Rd3 Rg8 41. Rc3 Kd8 42. Bc4 Bxc4 43. Rxc4 Kd7 44. g5 1-0